Регионална библиотека "Любен Каравелов" - Русе

Събрани съчинения (Запис номер 347457)

MARC детайли
000 -Лидер
Контролно поле с фиксирана дължина 01581nam a2200409 ab4500
003 - Код на организацията, давaща контролен номер
Контролно поле BLK
005 - Дата и час на последна редакция
Контролно поле 20250214141805.0
008 - Елементи от данни с фиксирана дължина
fixed length control field 191230b bu |||||r|||| 00| 0 bu d
020 ## - Международен стандартен номер на книга ISBN
Международен стандартен номер на книга ISBN 9789543160716
040 ## - Източник на каталожния запис
Идентификатор на билиотеката - собственик на записа BLK
041 ## - Код за език
Код за езика на текст/звукозапис или на отделно заглавие Български
Код за езика КДБФ Български
080 ## - УДК
Текстов определител УДК Българска литература
УДК код - определител по УДК 821.163.2
УДК определител (081.1)
УДК - код + определител 821.163.2(081.1)
080 ## - УДК
Текстов определител УДК Българска литература
УДК код - определител по УДК 821.163.2
УДК определител -32
УДК - код + определител 821.163.2-32
100 ## - Редна дума - Автор
R(LIN) 429765
Автор Радичков, Йордан Димитров
Дати, свързани с автора 1929-2004
139 ## - Редно поле
Редна дума Радичков, Йордан Димитров
Авторски знак Ради - Р 14
245 ## - Сведения за заглавието
Заглавие Събрани съчинения
Подзаглавни данни в 12 т. За том 1:Разкази 1959-1965
Редно поле (дума) Йордан Димитров Радичков.
Том Т. 1
Заглавие на том Разкази 1959-1965
250 ## - Област на изданието
Сведения за изданието 1 издание
257 ## - Страна на издаване
Страна на създаване/издаване България
260 ## - Област на издателските данни
9 (RLIN) 209874
Място на издаване, разпространение и проч. София
Име на издателя, разпространителя и проч. Д-р Иван Богоров
Година на издаване 2009
300 ## - Физическа характеристика
Размери/Мащаб 24 см
380 ## - Жанр
Жанр Худож. лит.
700 ## - Други автори (авторска отговорност)
9 (RLIN) 401545
Лично име Пелева, Инна Иванова
Автороска отговорност (Описва отношението между автора и произведението) съставител
700 ## - Други автори (авторска отговорност)
9 (RLIN) 363370
Лично име Паунов, Виктор
Автороска отговорност (Описва отношението между автора и произведението) худож.
760 ## - Описание на основната серия
Редна дума на основното описание Радичков, Йордан Димитров
Място на издаване, издател и година Д-р Иван Богоров - 2009
Страници - том 558 с.
Забележка - том Т.1
Заглавие Т. 1 Разкази 1959-1965
852 ## - Местоположение
Фондова буква Заемна - подръчен фонд
Систематично-азбучна сигнатура П 886.7(081)/Р 14
856 ## - Електронен адрес и достъп
Инструкция (цена за достъп) 0.00
Права за достъп disable
999 ## - СИСТЕМНИ КОНТРОЛНИ НОМЕРА
Koha biblionumber 347457
Koha biblioitemnumber 347457
942 ## - АРТИКУЛИ
Вид на библиотечния материал Книги
Скрит в OPAC Не
Периодичен библиозапис Да
Koha issues (borrowed), all copies 16
944 ## - СЪЗДАВАНЕ И РЕДАКЦИЯ на ЗАПИСА
Създаване/Редакция Създаване
Дата на регистрацията/редакция 2019-12-30
Служител, извършил регистрацията/редакцията 30531
Статус, дата на статуса Цветелина Шанова
999 ## - СИСТЕМНИ КОНТРОЛНИ НОМЕРА
Koha biblioitemnumber 347457
999 ## - СИСТЕМНИ КОНТРОЛНИ НОМЕРА
Koha biblioitemnumber 347457
999 ## - СИСТЕМНИ КОНТРОЛНИ НОМЕРА
Koha biblioitemnumber 347457
999 ## - СИСТЕМНИ КОНТРОЛНИ НОМЕРА
Koha biblioitemnumber 347457
999 ## - СИСТЕМНИ КОНТРОЛНИ НОМЕРА
Koha biblioitemnumber 347457
999 ## - СИСТЕМНИ КОНТРОЛНИ НОМЕРА
Koha biblioitemnumber 347457
999 ## - СИСТЕМНИ КОНТРОЛНИ НОМЕРА
Koha biblioitemnumber 347457
999 ## - СИСТЕМНИ КОНТРОЛНИ НОМЕРА
Koha biblioitemnumber 347457
Наличности
Код за отписване Код за изгубен артикул Източник на класификационната схема Код за повреда Коз за рестрикции Код за отдаване Артикулен № Име на библиотеката - собственик Име на библиотеката, в която се намира в момента Статус (Текущо местоположение) Дата на вписване в системата Местоположение - отдел Цена в лева Инвентарен номер Систематично азбучна сигнатура Баркод Цена в евро Служебен тип на артикула
  Не е изгубен Universal Decimal Classification Не е повреден само за читалня ползва се в читалня 753850 Регионална библиотека "Любен Каравелов" Русе Регионална библиотека "Любен Каравелов" Русе Хранилище 2020-01-13 Основен фонд - ползва се само за читалня 15.00 120000840883 Цб 317295 120000840883 7.67 Книги
  Не е изгубен Universal Decimal Classification Не е повреден   заемане за дома 753851 Регионална библиотека "Любен Каравелов" Русе Регионална библиотека "Любен Каравелов" Русе Заемна - подръчен фонд 2020-01-13 Заемна - подръчен фонд 15.00   П 886.7(081)/Р 14 120000840885 7.67 Книги
  Не е изгубен Universal Decimal Classification Не е повреден   заемане за дома 753852 Регионална библиотека "Любен Каравелов" Русе Регионална библиотека "Любен Каравелов" Русе Заемна - подръчен фонд 2020-01-13 Заемна - подръчен фонд 15.00   П 886.7(081)/Р 14 120000840884 7.67 Книги
Vip Innovations Ltd, Rousse, Bulgaria 2025